Hàm cá mập /
Na minha lista:
| Autor principal: | |
|---|---|
| Outros Autores: | |
| Formato: | Sách giấy |
| Idioma: | Vietnamese |
| Publicado em: |
H. :
Tác phẩm mới,
1986.
|
| Tags: |
Adicionar Tag
Sem tags, seja o primeiro a adicionar uma tag!
|
| Thư viện lưu trữ: | Thư viện Trường Đại học Đà Lạt |
|---|
| LEADER | 00673nam a2200289 4500 | ||
|---|---|---|---|
| 001 | DLU130150776 | ||
| 005 | ##20130829 | ||
| 040 | # | # | |a DLU |b vie |
| 041 | # | # | |a vie |
| 044 | # | # | |a vn |
| 082 | # | # | |a 813 |b BE-P |
| 100 | # | # | |a Benchly Pitơ. |
| 245 | # | # | |a Hàm cá mập / |c Nguyễn Việt Long dịch, Pitơ Benchly. |
| 260 | # | # | |a H. : |b Tác phẩm mới, |c 1986. |
| 300 | # | # | |a 360 tr. ; |c 19 cm. |
| 700 | # | # | |a Nguyễn Việt Long, |e dịch. |
| 923 | # | # | |a TL |
| 991 | # | # | |a SH |
| 992 | # | # | |a 60,0 |
| 994 | # | # | |a DLU |
| 900 | # | # | |a True |
| 911 | # | # | |a Nguyễn Thị Mai Anh |
| 925 | # | # | |a G |
| 926 | # | # | |a A |
| 927 | # | # | |a SH |
| 980 | # | # | |a Thư viện Trường Đại học Đà Lạt |